Größte Städte in Norwegen • A-Å - Statistiken

Allgemein
  • Dieses Quiz wurde 260 mal gespielt
    210 seit der letzten Aktualisierung
  • Das Durchschnittsergebnis liegt bei 7 aus 20
Antwortstatistiken
# Bevölkerung Norwegische Stadt % Korrekt
O 634,463 Oslo
100%
B 278,121 Bergen
95%
T 190,464 Trondheim
86%
S 130,754 Stavanger
75%
K 90,562 Kristiansand
56%
Å 41,385 Ålesund
49%
D 64,597 Drammen
47%
N 18,512 Narvik
33%
F 80,977 Fredrikstad
25%
H 31,738 Haugesund
23%
L 41,221 Larvik
18%
M 28,800 Moss
14%
A 39,826 Arendal
11%
P 33,550 Porsgrunn
11%
E 18,992 Elverum
7%
G 27,500 Gjøvik
7%
J 17,319 Jessheim
4%
V 6,187 Vadsø
4%
U 5,156 Ulsteinvik
2%
R 6,938 Risør
0%
Keine übereinstimmenden Quizze gefunden
Verteilung der Resultate
Anzahl Personen mit jedem Resultat
Perzentil nach korrekt beantworteten Fragen
Ihre Resultats-Entwicklung
Sie haben dieses Quiz seit der letzten Aktualisierung nicht gespielt